000 00267nam a22001217a 4500
008 181203b xxu||||| |||| 00| 0 eng d
041 _aeng
080 _a311
100 _a55
101 _aSTA
245 _aStatistical Thermodynamics
_cFowler,R.H
942 _2udc
_cBK
999 _c52731
_d52731